| 000 | 02138cam a2200469 i 4500 | ||
|---|---|---|---|
| 001 | 17657968 | ||
| 005 | 20250725111658.0 | ||
| 008 | 130313s2013 nyua d 000 1 eng | ||
| 010 | _a 2013007302 | ||
| 020 |
_a9780062220967 _qhardback |
||
| 035 | _a17657968 | ||
| 040 |
_aDLC _beng _cDLC _erda _dDLC |
||
| 042 |
_apcc _alcac |
||
| 050 | 0 | 0 |
_aPZ7.R772 _bAsy 2013 |
| 082 | 0 | 0 |
_a[Fic] _223 |
| 084 |
_aJUV018000 _aJUV028000 _aJUV039090 _2bisacsh |
||
| 100 | 1 |
_aRoux, Madeleine, _d1985- _9130127 |
|
| 245 | 1 | 0 |
_aAsylum / _cMadeleine Roux. |
| 250 | _aFirst edition. | ||
| 264 | 1 |
_aNew York, NY : _bHarper, an imprint of HarperCollinsPublishers, _c2013. |
|
| 300 |
_a313 pages : _billustrations ; _c22 cm |
||
| 336 |
_atext _2rdacontent |
||
| 337 |
_aunmediated _2rdamedia |
||
| 338 |
_avolume _2rdacarrier |
||
| 500 | _aSequel: Sanctum. | ||
| 520 |
_a"Three teens at a summer program for gifted students uncover shocking secets in the sanatorium-turned-dorm where they're staying--secrets that link them all to the asylum's dark past"-- _cProvided by publisher. |
||
| 650 | 1 |
_aSupernatural _vFiction. _910339 |
|
| 650 | 1 |
_aUniversities and colleges _vFiction. _9130128 |
|
| 650 | 1 |
_aMental illness _vFiction. _9130129 |
|
| 650 | 1 |
_aHaunted places _vFiction. _9130130 |
|
| 650 | 1 |
_aPsychiatric hospitals _vFiction. _9130131 |
|
| 650 | 1 |
_aAbility _vFiction. _9130132 |
|
| 650 | 1 |
_aMystery and detective stories. _913726 |
|
| 650 | 7 |
_aJUVENILE FICTION / Horror & Ghost Stories. _2bisacsh _9130133 |
|
| 650 | 7 |
_aJUVENILE FICTION / Mysteries & Detective Stories. _2bisacsh _9130134 |
|
| 650 | 7 |
_aJUVENILE FICTION / Social Issues / New Experience. _2bisacsh _9130135 |
|
| 655 | 7 |
_aFiction. _2lcgft _0https://id.loc.gov/authorities/genreForms/gf2014026339 |
|
| 906 |
_a7 _bcbc _corignew _d1 _eecip _f20 _gy-gencatlg |
||
| 942 |
_2ddc _cBK |
||
| 999 |
_c614471 _d614471 |
||